| 000 | 01126nam a2200349Mi 4500 | ||
|---|---|---|---|
| 001 | 89417 | ||
| 005 | 20230411090047.0 | ||
| 008 | 040409s2002 nyuba f 001 0 eng d | ||
| 035 | _a(OCoLC)ocn444147252 | ||
| 040 |
_aSILIS _eppiak _bslv _cSILIS |
||
| 020 | _a0521332486 (hbk) | ||
| 020 | _a9780521332484 (hbk) | ||
| 020 | _a0521522889 (pb) | ||
| 020 | _a9780521522885 (pb) | ||
| 035 | _a(OCoLC)444147252 | ||
| 044 |
_axxu _cusa |
||
| 080 | _a911 | ||
| 049 | _aGRAL | ||
| 100 | 1 |
_a, J. R. _4aut |
|
| 245 | 0 | 4 |
_aThe mountains of the Mediterranean world : _ban environmental history / _cJ. R. McNeill. |
| 250 | _a1st paperback ed. | ||
| 260 |
_aNew York : _bCambridge University Press, _c2002. |
||
| 300 |
_aXVII, 423 str. : _bilustr. ; _c24 cm. |
||
| 490 | 1 | _aStudies in environment and history | |
| 504 | _aBibliografija: str. 359-417. | ||
| 504 | _aKazalo. | ||
| 653 | 0 |
_aSredozemlje _aEvropa _aJugozahodna Azija _aSeverna Afrika _adruézbena geografija _avarstvo okolja _agorski svet _azgodovina |
|
| 830 | 0 | _aStudies in environment and history. | |
| 942 |
_2lcc _cbk |
||
| 994 |
_aC0 _bDRFGD |
||
| 946 | _aweb | ||
| 999 |
_c111791 _d111791 |
||